[Event "davai"]
[Site "http://www.queenalice.com/game.php?id=56349"]
[Date "2006.3.8"]
[Round "-"]
[White "vadimgulca"]
[Black "romanopff"]
[Result "1-0"]
[WhiteElo "1519"]
[BlackElo "943"]

1. d4 d5 2. c4 dxc4 3. e4 e6 4. Nf3 f6 5. Bxc4 Bb4+ 6. Nc3 c6 7. O-O Ne7 8. Qb3
Qd6 9. a3 Ba5 10. g3 b5 11. Be2 a6 12. Bf4 Qd7 13. Rfd1 g5 14. Be3 g4 15. Nh4
Ng6 16. Ng2 h5 17. a4 Qe7 18. axb5 Bxc3 19. Qxc3 Bd7 20. bxa6 Nxa6 21. Bxa6 O-O
22. Be2 Rxa1 23. Rxa1 e5 24. dxe5 fxe5 25. Ra5 Kg7 26. Nh4 Nxh4 27. Rxe5 Be6 28.
Rxe6+ Qf6 29. Kh1 Kg8 30. Rxf6 Rxf6 31. Qxf6 1-0

[Event "basarab"]
[Site "http://www.queenalice.com/game.php?id=56362"]
[Date "2006.3.8"]
[Round "-"]
[White "vadimgulca"]
[Black "claudesuzuki"]
[Result "1-0"]
[WhiteElo "1544"]
[BlackElo "1344"]

1. d4 d5 2. c4 dxc4 3. e4 e6 4. Nc3 Bb4 5. Bd2 c6 6. Bxc4 Bxc3 7. Bxc3 b5 8. Bb3
f6 9. Ne2 Ne7 10. Nf4 Na6 11. Bxe6 Qd6 12. Qg4 g6 13. e5 Bxe6 14. Nxe6 fxe5 15.
dxe5 Qd5 16. O-O Nf5 17. Ng5 h6 18. Rfd1 Qc5 19. Ne4 Ne7 20. Nxc5 1-0

[Event "Challenge"]
[Site "http://www.queenalice.com/game.php?id=56523"]
[Date "2006.3.9"]
[Round "-"]
[White "xunglau"]
[Black "vadimgulca"]
[Result "0-1"]
[WhiteElo "1400"]
[BlackElo "1684"]

1. e4 e5 2. Bc4 Nf6 3. a4 Nxe4 4. Qf3 d5 5. Bb3 Bc5 6. Ra3 Nxf2 7. g3 O-O 8. h4
e4 9. Qg2 Nxh1 10. Qxh1 Bxa3 11. bxa3 Nc6 12. Bb2 Qd6 13. h5 Qxg3+ 14. Kf1 Bg4
15. c4 Qxb3 16. cxd5 Rad8 17. Qh4 f5 18. Ba1 Rxd5 19. Qg5 Qxb1+ 20. Kf2 Qxa1 21.
h6 g6 22. Qh4 Rxd2+ 23. Ke3 Qc1 24. Ne2 Rxe2# 0-1

[Event "sarapedeal"]
[Site "http://www.queenalice.com/game.php?id=56528"]
[Date "2006.3.9"]
[Round "-"]
[White "vadimgulca"]
[Black "claudesuzuki"]
[Result "1-0"]
[WhiteElo "1519"]
[BlackElo "1344"]

1. c4 d5 2. d4 dxc4 3. e4 e6 4. Nc3 Bb4 5. Bxc4 Bxc3+ 6. bxc3 Nc6 7. Nf3 Nf6 8.
Bd3 O-O 9. e5 Nd5 10. Bd2 f6 11. O-O g5 12. exf6 Nxf6 13. Nxg5 e5 14. Qc2 Qe7
15. Rae1 h6 16. Nf3 Bg4 17. Nxe5 Nxe5 18. Bxh6 Qd6 19. dxe5 1-0

[Event "Challenge"]
[Site "http://www.queenalice.com/game.php?id=56547"]
[Date "2006.3.9"]
[Round "-"]
[White "Traian"]
[Black "vadimgulca"]
[Result "0-1"]
[WhiteElo "1458"]
[BlackElo "1640"]

1. e3 d5 2. c3 e5 3. Qh5 Bd6 4. f4 exf4 5. exf4 Bxf4 6. Ne2 Nf6 7. Qf3 Bh6 8. h3
Ne4 9. d3 Bxc1 10. dxe4 Bxb2 11. exd5 Bxa1 12. Qe4+ Qe7 13. Qd4 O-O 14. g4 Re8
15. h4 c5 16. Qd3 Bxg4 17. Rh2 Nd7 18. Kd1 Qf6 19. Ke1 Ne5 0-1

[Event "Glodeni"]
[Site "http://www.queenalice.com/game.php?id=56691"]
[Date "2006.3.11"]
[Round "-"]
[White "Rijo"]
[Black "vadimgulca"]
[Result "0-1"]
[WhiteElo "1344"]
[BlackElo "1656"]

1. e3 e5 2. c3 d5 3. d4 exd4 4. Qxd4 Nf6 5. Bb5+ c6 6. Bd3 c5 7. Qa4+ Bd7 8. Qb3
c4 9. Bxc4 dxc4 10. Qxb7 Bc6 11. Qxa8 Bxa8 12. Nf3 Bxf3 13. gxf3 Bd6 14. O-O O-O
15. Rd1 Bxh2+ 16. Kxh2 Qxd1 17. Nd2 Nc6 18. Nxc4 Qxf3 19. b3 Ng4+ 20. Kg1 Qxf2+
21. Kh1 Qh2# 0-1

[Event "Let's Play Chess!"]
[Site "http://www.queenalice.com/game.php?id=56719"]
[Date "2006.3.11"]
[Round "-"]
[White "sutra"]
[Black "vadimgulca"]
[Result "1-0"]
[WhiteElo "1757"]
[BlackElo "1739"]

1. e4 c5 2. Nf3 Nc6 3. d4 e6 4. Nc3 cxd4 5. Nxd4 a6 6. Nxc6 dxc6 7. Qxd8+ Kxd8
8. Be3 Bb4 9. O-O-O+ Bd7 10. Na4 Nf6 11. Nb6 Kc7 12. Nxa8+ Rxa8 13. Bf4+ Kb6 14.
f3 h6 15. c4 Be8 16. Be2 Bd7 17. e5 Nd5 18. cxd5 cxd5 19. a3 Bc5 20. b4 Be7 21.
Be3+ Kc7 22. Kb2 b6 23. Rc1+ Kb7 24. Rhd1 Ba4 25. Rd4 f6 26. Rg4 g5 27. Bd4 f5
28. Rg3 f4 29. Rh3 Rh8 30. g3 fxg3 31. hxg3 h5 32. f4 h4 33. Be3 gxf4 34. gxf4
Rg8 35. Rg1 Rc8 36. Rg7 Rc7 37. Bg4 1-0

[Event "Let's Play Chess!"]
[Site "http://www.queenalice.com/game.php?id=57131"]
[Date "2006.3.13"]
[Round "-"]
[White "umbenetti"]
[Black "vadimgulca"]
[Result "1-0"]
[WhiteElo "2115"]
[BlackElo "1735"]

1. e4 c5 2. Nc3 Nc6 3. Nf3 e5 4. Bc4 Be7 5. d3 Nf6 6. Be3 O-O 7. h3 Rb8 8. O-O
d6 9. Bg5 Be6 10. Re1 Na5 11. b3 Nc6 12. a4 Nd7 13. Bxe7 Qxe7 14. a5 f5 15. Qd2
Bxc4 16. dxc4 Nd4 17. Nxd4 cxd4 18. Nd5 Qh4 19. exf5 Rxf5 20. g3 Qd8 21. f4 Qf8
22. Qd3 Re8 23. Rad1 Nc5 24. Qe2 d3 25. Qg2 dxc2 26. Qxc2 Ne6 27. b4 Nd4 28. Qe4
Ne6 29. Qe3 exf4 30. gxf4 Nc7 31. Ne7+ Kh8 32. Nxf5 Rxe3 33. Nxe3 Qxf4 34. Ng2
Qf6 35. c5 d5 36. Rxd5 h6 37. Rd7 Na6 38. Re4 Qc6 39. Re8+ Kh7 40. Rdd8 Qa4 41.
Nf4 Qa1+ 42. Kg2 Qb2+ 43. Kf3 Qc3+ 44. Kg4 h5+ 45. Nxh5 g6 46. Kg5 Qc1+ 47. Nf4
Qg1+ 48. Kf6 Qa1+ 49. Re5 Nxb4 50. Nxg6 Qf1+ 51. Rf5 Qa6+ 52. Rd6 Qe2 53. Rd7+
Kh6 54. Ne5 Qb2 55. Rh5+ 1-0

[Event "PhpNuke"]
[Site "http://www.queenalice.com/game.php?id=57650"]
[Date "2006.3.16"]
[Round "-"]
[White "vadimgulca"]
[Black "mbubi"]
[Result "0-1"]
[WhiteElo "1723"]
[BlackElo "1786"]

1. c4 Nf6 2. Nc3 e6 3. Nf3 Bb4 4. e3 Nc6 5. Be2 Bxc3 6. bxc3 O-O 7. O-O h6 8. d4
d6 9. Ba3 Re8 10. Rb1 Rb8 11. c5 d5 12. c4 Bd7 13. Qc2 Qe7 14. Rfd1 a6 15. Rb3
Qd8 16. Rb2 Bc8 17. Rdb1 Ne4 18. Bd3 Nf6 19. h3 dxc4 20. Bxc4 Na5 21. Bxa6 Ra8
22. Bb5 Bd7 23. Ne5 Bxb5 24. Rxb5 Nd7 25. Nxd7 Qxd7 26. Qc3 Nc6 27. Rxb7 e5 28.
dxe5 Nxe5 29. f4 Ng6 0-1

[Event "Cross Atlantic"]
[Site "http://www.queenalice.com/game.php?id=57735"]
[Date "2006.3.16"]
[Round "-"]
[White "Morpheus"]
[Black "vadimgulca"]
[Result "0-1"]
[WhiteElo "1893"]
[BlackElo "1681"]

1. d4 b5 2. Nf3 Nf6 3. Bg5 Bb7 4. Nbd2 Nc6 5. e4 b4 6. d5 Nb8 7. Bc4 c6 8. dxc6
Nxc6 9. Qe2 Rc8 10. O-O-O Ng4 11. Bf4 e6 12. h3 Nf6 13. e5 Nd5 14. Bxd5 exd5 15.
Kb1 Bc5 16. Nb3 Ne7 17. Nxc5 Rxc5 18. Be3 Ra5 19. Nd4 Qc7 20. Nb5 Qxe5 21. f4
Qb8 22. Bc5 O-O 23. Bd6 Qc8 0-1

[Event "Challenge"]
[Site "http://www.queenalice.com/game.php?id=57863"]
[Date "2006.3.17"]
[Round "-"]
[White "robledo"]
[Black "vadimgulca"]
[Result "0-1"]
[WhiteElo "1806"]
[BlackElo "1690"]

1. e4 c5 2. Nf3 Nc6 3. Bb5 e6 4. Bxc6 bxc6 5. b3 d5 6. e5 f6 7. O-O Ba6 8. d3
Ne7 9. c4 Ng6 10. g3 Be7 11. Qe2 O-O 12. Bb2 Rb8 0-1

[Event "Let's Play Chess!"]
[Site "http://www.queenalice.com/game.php?id=58155"]
[Date "2006.3.19"]
[Round "-"]
[White "sakhan"]
[Black "vadimgulca"]
[Result "1-0"]
[WhiteElo "1646"]
[BlackElo "1699"]

1. d4 c5 2. Nf3 Nf6 3. Bf4 e6 4. Nc3 Nc6 5. Nb5 d6 6. dxc5 Qa5+ 7. Nc3 Qxc5 8.
g3 Be7 9. Bg2 O-O 10. O-O e5 11. Bc1 Rd8 12. Be3 Qb4 13. Qc1 d5 14. a3 Qg4 15.
Bg5 Be6 16. Qd1 d4 17. Nb5 Bc4 18. a4 h6 19. Bc1 Bc5 20. Re1 a6 21. Na3 Bd5 22.
h3 Qe6 23. Bd2 e4 24. Nh2 e3 25. Bxd5 1-0

[Event "Let's Play Chess!"]
[Site "http://www.queenalice.com/game.php?id=58169"]
[Date "2006.3.19"]
[Round "-"]
[White "Karrppov"]
[Black "vadimgulca"]
[Result "1-0"]
[WhiteElo "1860"]
[BlackElo "1709"]

1. e4 c5 2. Nf3 Nc6 3. d4 e6 4. d5 exd5 5. exd5 Nd4 6. Nxd4 cxd4 7. Qxd4 Qe7+ 8.
Be3 Qb4+ 9. Nc3 Qxb2 10. Rb1 Qxc2 11. Bd3 Bc5 12. Qe5+ Ne7 13. Bxc2 Bxe3 14. d6
1-0

[Event "Challenge"]
[Site "http://www.queenalice.com/game.php?id=58620"]
[Date "2006.3.21"]
[Round "-"]
[White "vadimgulca"]
[Black "pawn_buzzard"]
[Result "1-0"]
[WhiteElo "1725"]
[BlackElo "1583"]

1. c4 Nc6 2. Nc3 Nf6 3. e4 g6 4. d4 Bg7 5. Nf3 d6 6. Bf4 Bg4 7. Be2 Bxf3 8. Bxf3
e5 9. d5 Nd4 10. Be3 Nxf3+ 11. Qxf3 c5 12. O-O Qd7 13. Rab1 a6 14. Bg5 Qe7 15.
b4 h6 16. Bxf6 Bxf6 17. bxc5 dxc5 18. Rb6 Bg7 19. Rfb1 O-O 20. Rxb7 Qd8 21. R1b6
Ra7 22. Rb8 Qd7 23. Rxf8+ Bxf8 24. Qf6 Rb7 25. Rxa6 Bg7 26. Qc6 Rc7 27. Qxd7
Rxd7 28. h3 Bf8 29. Rb6 Kg7 30. g4 f6 31. Kg2 h5 32. Kg3 f5 33. f3 f4+ 34. Kg2
h4 35. a4 Be7 36. Re6 Bf6 37. a5 Be7 38. Nb5 Kf7 39. a6 Rd8 40. a7 Ra8 41. Rb6
1-0

[Event "Challenge"]
[Site "http://www.queenalice.com/game.php?id=59038"]
[Date "2006.3.23"]
[Round "-"]
[White "li2carpio"]
[Black "vadimgulca"]
[Result "0-1"]
[WhiteElo "1811"]
[BlackElo "1705"]

1. e4 c5 2. Nf3 Nc6 3. d4 e6 4. Nc3 d5 5. Bb5 dxe4 6. Nxe4 cxd4 7. Nxd4 Bd7 8.
Nc5 Bxc5 9. Nxc6 Bxc6 10. Bxc6+ bxc6 11. Qf3 Ne7 12. O-O O-O 13. Kh1 Qc7 14. Qh5
Nf5 15. g4 g6 16. Qh3 Ne7 17. Bg5 Nd5 18. c4 Nb4 19. Bf6 Qf4 20. g5 Bd4 21. Be7
Rfb8 22. f3 Nc2 23. Rad1 Rxb2 24. Rxd4 Nxd4 25. Bf6 Rxa2 26. Qh6 Nf5 27. Qh3 Ne3
28. Qh6 Nf5 29. Qh3 Rb8 30. Rd1 Ne3 31. Re1 Ng4 32. Qxg4 Qxh2# 0-1